000 00586nam a2200181Ia 4500
008 151202s9999||||xx |||||||||||||| ||und||
082 _bPNVM-35670
100 _aकेचे मुकर.
245 _aमाझी कांही गावं.
260 _b"ाारा प्रकाशन,औरंगाबाद."
260 _c1982
300 _a118
600 _aकेचे मुकर.
630 _aमाझी कांही गावं.
700 _aकेचे मुकर.
730 _aमाझी कांही गावं.
942 _cBOOK
999 _c1301623
_d1301620